The Bolter - Taylor Swift (All Lyrics) - Statistics

General Stats
  • This quiz has been taken 1,135 times
    1,121 since last reset
  • The average score is 347 of 412
Answer Stats
Lyrics % Correct
A
100%
a
100%
she
99%
She
99%
he
98%
He
98%
her
98%
I
98%
"The
98%
the
98%
was
98%
And
97%
(And
97%
bolt
97%
When
97%
when
97%
all
96%
All
96%
be
96%
in
96%
Bolter"
95%
it
95%
It
95%
like
95%
What
95%
By
94%
they
94%
to
94%
we
94%
With
94%
with
94%
But
93%
must
93%
this"
93%
this
93%
water
93%
kiss
92%
meeting
92%
nicknamed
92%
"Oh,
92%
Started
92%
stop
92%
almost
91%
drowned
91%
of
91%
six
91%
Then
91%
then
91%
accounts,
90%
always
90%
ends
90%
up
90%
car
89%
felt
89%
Out
89%
out
89%
call
88%
know
88%
leaving
88%
alive
87%
evenin'
87%
fuckin'
87%
time
87%
town
87%
came
86%
eyes
86%
lives
86%
one
86%
through
86%
whore
86%
before
85%
door
85%
drive
85%
ever
85%
face
85%
ice
85%
breathing
84%
can
84%
father
84%
fell
84%
Flashed
84%
frigid
84%
it's
84%
slam
84%
speeding
84%
Just
83%
just
83%
own
83%
race
83%
you
83%
You
83%
evening
82%
except
82%
child,
81%
made
81%
as
80%
curious
80%
everyone
80%
feels
80%
best
79%
Ended
79%
he'll
79%
Men
79%
She's
78%
she's
78%
charming
77%
get
77%
knows
77%
runs
76%
back,
75%
is
75%
many
75%
confirm
74%
hunter
74%
laughed
74%
wanted
74%
any
73%
That
73%
at
72%
good
72%
mates
72%
places
72%
'til
72%
trophy
72%
been
71%
faces
71%
fun
71%
quite
71%
wouldn't
71%
bad
70%
bewitching
70%
Behind
69%
escape
69%
escaping
69%
Saturday
69%
sore
69%
Theres
69%
off
68%
reviled
68%
way
68%
Excellent
67%
him
67%
first
66%
First,
66%
for
66%
races
66%
helpless
63%
liked
63%
roses,
63%
they're
63%
sees
62%
aces
61%
freedom
61%
none
61%
selfish,
61%
making
60%
tastes
60%
tiny
60%
under
60%
charmingly
59%
Down
59%
drawin'
59%
laughin',
59%
That's
59%
bear,
58%
care
58%
leaks
58%
are
57%
fate
57%
pulling
57%
sure
57%
hers
56%
littlest
56%
poses
56%
cad,
55%
got
55%
Taming
55%
chariot
54%
Hearts
54%
rowboats
54%
Park
53%
waitin'
53%
Central
52%
stories
52%
breakin'
51%
changin'
50%
floorboards
50%
Splendidly
49%
portrait
47%
Lake
44%
blush,
43%
Wish
42%
(Ah
41%
ah
41%
ah)
41%
jump
41%
Watching
38%
realized)
29%
No matching quizzes found
Score Distribution
Percent of People with Each Score
Percentile by Number Answered
Your Score History
You have not taken this quiz since the last reset